Normal view
MARC view
Entry Personal Name
001 - CONTROL NUMBER
- control field: 80267
003 - CONTROL NUMBER IDENTIFIER
- control field: dpl
005 - DATE AND TIME OF LATEST TRANSACTION
- control field: 20250403165115.0
008 - FIXED-LENGTH DATA ELEMENTS
- fixed length control field: 250403|| aca||aabn | a|a d
040 ## - CATALOGING SOURCE
- Original cataloging agency: dpl
- Transcribing agency: dpl
100 ## - HEADING--PERSONAL NAME
- Personal name: R. Lalitha Raja
670 ## - SOURCE DATA FOUND
- Source citation: Work cat.: (dpl)210774: R. Lalitha Raja, Significance of optimality theory in phonological acquisition and in assessment and intervention of Phonological disorders/, 2025
